Welcome to the Holygrace Academy Library

Please use search bar below to get started

BEST OF INSPIRING TALES (Record no. 3055)

MARC details
000 -LEADER
fixed length control field 00298nam a22001337a 4500
020 ## - INTERNATIONAL STANDARD BOOK NUMBER
ISBN 81-304-0149-5
082 ## - DEWEY DECIMAL CLASSIFICATION NUMBER
Classification number 823
Item number DUA/B
100 ## - MAIN ENTRY--AUTHOR NAME
Personal name DUA, SHYAM
245 ## - TITLE STATEMENT
Title BEST OF INSPIRING TALES
260 ## - PUBLICATION, DISTRIBUTION, ETC. (IMPRINT)
Place of publication UP
Name of publisher TINY TOT PUBLICATIONS
300 ## - PHYSICAL DESCRIPTION
Number of Pages 144
650 ## - SUBJECT ADDED ENTRY--TOPICAL TERM
Topical Term ENGLISH SHORT STORY
Geographic subdivision UP
942 ## - ADDED ENTRY ELEMENTS (KOHA)
Koha item type Books
Holdings
Withdrawn status Lost status Collection code Home library Current library Shelving location Date acquired Source of acquisition Cost, normal purchase price Full call number Accession Number Koha item type
    Fiction Main Library Main Library SHELF 3- D- ENGLISH CHILDRENS LITERATURE &MYTHOLOGY 28/03/2015 PURCHASE 135.00 823 DUA/B 06973 Books